000 00936nam a2200313 c 4500
999 _c344439
_d344439
003 BLK
005 20191017125022.0
008 180911b bul|||||r ||||||| ||bul||
010 _a004104
040 _aBLK
041 _aFRE
_cBUL
080 _z840-31
100 1 _aBALSAC, Honore de
_eпърви автор
_9400671
245 0 0 _aEugenie Grandet
246 _pепос-романи
260 _aParis
_bPierre Lafitte and Cie
_c1910
300 _a123 с
_bс ил.
_c24 см
380 _a82
490 _aIdeal-Bibl
490 _aЧастна колекция - Академик Михаил Арнаудов
_gДарение - Основен фонд
500 _aМихаил Арнаудов: подпис
520 _a
653 _aепос
653 _aромани
655 _aфренска литература
_9396933
700 1 _aH. de Balzac
_9400672
700 1 _a Ill. de G. Dupuis
_9400673
852 _aМА 946
942 _cKNG
_n0
_s1
944 _aCR
_c1996
_kVAlK
999 _d344439